Not entirely acceptable (Record no. 66496)

MARC details
000 -LEADER
fixed length control field 01130cam a2200205 4500
001 - CONTROL NUMBER
control field ABS63636
008 - FIXED-LENGTH DATA ELEMENTS--GENERAL INFORMATION
fixed length control field 000000n2001 000 0 eng u
035 ## - SYSTEM CONTROL NUMBER
System control number (Sirsi) u111603
100 ## - MAIN ENTRY--PERSONAL NAME
Personal name Barnes, R.
245 ## - TITLE STATEMENT
Title Not entirely acceptable
260 ## - PUBLICATION, DISTRIBUTION, ETC.
Date of publication, distribution, etc. 2001
490 ## - SERIES STATEMENT
Series statement Building
Volume/sequential designation 265(11) 16 March 2001, 61(1)
520 ## - SUMMARY, ETC.
Summary, etc. Looks at "entire agreement clauses" that are increasingly appearing in non-standard consultants' terms of appointment. Suggests their purpose is to reduce the scope for disagreement over matters not recorded in the agreement. Considers why they are becoming more common, and highlights two possible effects. Firstly, observes that the clauses could exclude terms that might be implied into the contract. Secondly, that they could remove legal remedies if representations made by one party to the other turn out to be untrue. Warns consultants to read these clauses carefully before signing an agreement.
590 ## - LOCAL NOTE (RLIN)
Local note ABS
650 ## - SUBJECT ADDED ENTRY--TOPICAL TERM
Topical term or geographic name entry element ENTIRE AGREEMENT CLAUSE
650 ## - SUBJECT ADDED ENTRY--TOPICAL TERM
Topical term or geographic name entry element TERMS OF APPOINTMENT
650 ## - SUBJECT ADDED ENTRY--TOPICAL TERM
Topical term or geographic name entry element CONSULTANTS
690 ## - LOCAL SUBJECT ADDED ENTRY--TOPICAL TERM (OCLC, RLIN)
Topical term or geographic name as entry element BUILT ENVIRONMENT-BUILDING CONTRACT FORMS
942 ## - ADDED ENTRY ELEMENTS (KOHA)
Suppress in OPAC 0
Holdings
Withdrawn status Lost status Source of classification or shelving scheme Damaged status Not for loan Home library Current library Shelving location Date acquired Total Checkouts Full call number Barcode Date last seen Copy number Price effective from Koha item type
    Dewey Decimal Classification     London London Journal article 22/03/2001   ABS63636 111603-1001 06/08/2019 1 06/08/2019 Journal article